01103 a2200217 45000010006000000050017000060080041000230030015000640400040000790800029001192450032001480200018001802640051001983000019002495050416002689420007006845900036006911000031007279990015007589520112007735428820260407155814.0260407a1991 arg spa dAR-UNSa-BCEJYS aAR-UNSa-BCEJYSbspacAR-UNSa-BCEJYS a339.744xConvertibilidad10aConvertibilidad del austral a950-572-215-X 1aBuenos Aires :bVíctor P. de Zavalíac1991 a205 p.c23 cm. a1. La Ley de convertibilidad. Su estudio en el Congreso de la Nación – 2. Nominalismo y obligaciones de valor en la Ley de convertibilidad – 3. La Ley de convertibilidad y el nominalismo – 4. La Ley monetaria y la doctrina: el precipitado de la interpretación – 5. Efectos de la Ley de convertibilidad en las locaciones urbanas – 6. La convertibilidad desde la angulación jurídico-económica. cBK aniveau_biblio:m niveau_hierar:01 aMoisset de Espanés, Luis c5457d5457 00104070aBCEJYSbBCEJYSc16d2026-04-07l0o339.744 M714 v.3pL58745r2026-04-07 15:58:14w2026-04-07yL